[Event "NED-chT 9697"]
[Site "Netherlands"]
[Date "1996.??.??"]
[Round "?"]
[White "Klarenbeek, Hans"]
[Black "Rogers, Ian"]
[Result "0-1"]
[WhiteElo "2425"]
[BlackElo "2580"]
[PlyCount "60"]
[EventDate "1996.??.??"]
[EventType "team"]
[EventRounds "11"]
[EventCountry "NED"]
[SourceTitle "EXT 2000"]
[Source "ChessBase"]
[SourceDate "1999.11.16"]
[SourceVersion "1"]
[SourceVersionDate "1999.11.16"]
[SourceQuality "1"]

1. d4 c6 2. c4 d5 3. Nf3 Nf6 4. Nc3 dxc4 5. a4 Bg4 6. Ne5 Bh5 7. h3 Na6 8. g4 Bg6 9. e3 Nb4 10. Bxc4 e6 11. 0-0 a5 12. f4 Nd7 13. Nxd7 Bc2 14. Qe2 Qxd7 15. Na2 Be4 16. Nxb4 Bxb4 17. Bd2 0-0 18. Bxb4 axb4 19. b3 Ra5 20. Rad1 b5 21. axb5 cxb5 22. Bd3 Bb7 23. Kh2 Qd5 24. Rb1 Rc8 25. Rfd1 g5 26. Rf1 Rc3 27. Rb2 gxf4 28. Rxf4 Ra1 29. Kg3 Rg1+ 30. Kh4 h6 0-1

[Event "NED-chT 9495"]
[Site "Netherlands"]
[Date "1994.??.??"]
[Round "3"]
[White "Klarenbeek, Hans"]
[Black "Cifuentes Parada, Roberto"]
[Result "1/2-1/2"]
[WhiteElo "2430"]
[BlackElo "2500"]
[PlyCount "81"]
[EventDate "1994.??.??"]
[EventType "team"]
[EventRounds "9"]
[EventCountry "NED"]
[SourceTitle "EXT 1998"]
[Source "ChessBase"]
[SourceDate "1997.11.17"]
[SourceVersion "1"]
[SourceVersionDate "1997.11.17"]
[SourceQuality "1"]

1. c4 c6 2. e4 e5 3. Nf3 d6 4. d4 Nd7 5. Nc3 Ngf6 6. Be2 Be7 7. 0-0 0-0 8. Qc2 Re8 9. Rd1 Qc7 10. Be3 h6 11. d5 c5 12. a3 Nh7 13. b4 b6 14. Rab1 Qd8 15. Na4 Ng5 16. Nd2 Nf6 17. f3 Rf8 18. bxc5 bxc5 19. Nb3 Nh5 20. Naxc5 dxc5 21. Nxc5 Nf4 22. Nd3 Nxd3 23. Bxd3 Bxa3 24. c5 Qf6 25. Rb3 Qg6 26. Kh1 Bxc5 27. Bxc5 Rd8 28. Ra1 Qf6 29. Qf2 Rd7 30. Rab1 Ba6 31. Rb8+ Rd8 32. Rxd8+ Rxd8 33. Bxa6 Qxa6 34. Bxa7 f5 35. h4 Nf7 36. Qb6 Qd3 37. exf5 Rxd5 38. Qb3 Qxf5 39. Qxd5 Qxb1+ 40. Kh2 Qe1 41. Kh3 1/2-1/2

[Event "NED-chT 9495"]
[Site "Netherlands"]
[Date "1994.??.??"]
[Round "1"]
[White "Klarenbeek, Hans"]
[Black "Nijboer, Friso"]
[Result "0-1"]
[WhiteElo "2430"]
[BlackElo "2530"]
[PlyCount "120"]
[EventDate "1994.??.??"]
[EventType "team"]
[EventRounds "9"]
[EventCountry "NED"]
[SourceTitle "EXT 1998"]
[Source "ChessBase"]
[SourceDate "1997.11.17"]
[SourceVersion "1"]
[SourceVersionDate "1997.11.17"]
[SourceQuality "1"]

1. Nf3 Nf6 2. c4 d6 3. d4 g6 4. Nc3 Bg7 5. e4 0-0 6. Be2 e5 7. 0-0 Nc6 8. d5 Ne7 9. Ne1 Ne8 10. Nd3 f5 11. Bd2 fxe4 12. Nxe4 c6 13. Bg4 Bf5 14. Bxf5 gxf5 15. Ng5 Nc7 16. dxc6 Nxc6 17. Qh5 h6 18. Nh3 Qe8 19. Qxe8 Rfxe8 20. Rfd1 Rad8 21. Nb4 Nxb4 22. Bxb4 d5 23. cxd5 Nxd5 24. Be1 e4 25. Rd2 Nb6 26. Re2 Na4 27. Rb1 Rd7 28. g3 Red8 29. b3 Nc5 30. Kg2 Ne6 31. Bb4 h5 32. Ng1 Nd4 33. Rd2 Bh6 34. Rdd1 h4 35. Bc5 Nb5 36. Rxd7 Rxd7 37. Re1 hxg3 38. hxg3 Bd2 39. Rd1 Nc3 40. Ra1 a5 41. Nh3 Rd3 42. Nf4 Bxf4 43. gxf4 Nd5 44. Bd6 e3 45. Kf3 Nc3 46. Rg1+ Kf7 47. Be5 e2+ 48. Kg2 Nxa2 49. Re1 Nc1 50. Rxc1 Rd1 51. Rc7+ Ke6 52. Bc3 Rc1 53. Rc8 Rxc3 54. Re8+ Kf6 55. Rxe2 Rxb3 56. Ra2 b6 57. f3 Rb4 58. Kg3 a4 59. Rc2 Rb5 60. Rc6+ Ke7 0-1

[Event "NED-chT 9495"]
[Site "Netherlands"]
[Date "1994.??.??"]
[Round "2"]
[White "Kortschnoj, Viktor Lvovich"]
[Black "Klarenbeek, Hans"]
[Result "1-0"]
[WhiteElo "2615"]
[BlackElo "2430"]
[PlyCount "69"]
[EventDate "1994.??.??"]
[EventType "team"]
[EventRounds "9"]
[EventCountry "NED"]
[SourceTitle "EXT 1998"]
[Source "ChessBase"]
[SourceDate "1997.11.17"]
[SourceVersion "1"]
[SourceVersionDate "1997.11.17"]
[SourceQuality "1"]

1. d4 Nf6 2. c4 c5 3. d5 b5 4. Nf3 Bb7 5. Nbd2 bxc4 6. e4 g6 7. Bxc4 d6 8. Qa4+ Nfd7 9. Nb3 Bg7 10. Na5 Bc8 11. 0-0 0-0 12. Qa3 Nb6 13. Bd3 Bd7 14. Bd2 a6 15. Rfe1 Bb5 16. Bc2 N8d7 17. Bc3 Nf6 18. b3 Rc8 19. Rad1 Qc7 20. Qb2 Rfe8 21. h3 Nh5 22. Bxg7 Nxg7 23. Qc3 e6 24. a4 Bd7 25. dxe6 Bxe6 26. Qd2 c4 27. b4 Red8 28. b5 axb5 29. axb5 c3 30. Qh6 f6 31. Nc6 Re8 32. Re3 Bc4 33. Rxc3 Bxb5 34. Bb3+ Kh8 35. Nh4 1-0

[Event "NED-chT 9495"]
[Site "Netherlands"]
[Date "1994.??.??"]
[Round "7"]
[White "Riemersma, Liafbern"]
[Black "Klarenbeek, Hans"]
[Result "0-1"]
[WhiteElo "2440"]
[BlackElo "2430"]
[PlyCount "126"]
[EventDate "1994.??.??"]
[EventType "team"]
[EventRounds "9"]
[EventCountry "NED"]
[SourceTitle "EXT 1998"]
[Source "ChessBase"]
[SourceDate "1997.11.17"]
[SourceVersion "1"]
[SourceVersionDate "1997.11.17"]
[SourceQuality "1"]

1. e4 c5 2. Nf3 e6 3. d4 cxd4 4. Nxd4 Nf6 5. Nc3 d6 6. g4 Nc6 7. g5 Nd7 8. Be3 Be7 9. h4 0-0 10. Bc4 Nde5 11. Bb3 Rb8 12. Qe2 Nxd4 13. Bxd4 b5 14. Bxa7 Ra8 15. Qe3 b4 16. Bb6 Qd7 17. Ne2 Ba6 18. f4 Nc4 19. Bxc4 Bxc4 20. Ng3 Qc6 21. b3 Bb5 22. Rh2 Rfe8 23. Bd4 e5 24. Bb2 Bd8 25. fxe5 dxe5 26. Qf3 Bb6 27. Nf5 Bd4 28. Nxd4 exd4 29. 0-0-0 d3 30. Rf2 Re7 31. e5 Qa6 32. Qd5 Rc8 33. Qd6 Rec7 34. Rdd2 Qxa2 35. Qxb4 dxc2 36. Rxc2 Bd3 37. Bc3 Bxc2 38. Rxc2 Qa6 39. Kb1 Qd3 40. Kb2 Qf3 41. Qd4 Qc6 42. h5 Rd7 43. Qe3 Rb7 44. Qd4 Rcb8 45. b4 Qa4 46. Qc5 Rb5 47. Qd6 R5b6 48. Qc5 Ra6 49. Rd2 Qa1+ 50. Kc2 Ra2+ 51. Kb3 Ra3+ 52. Kc2 Qa2+ 53. Kc1 Qe6 54. Qd4 Raa8 55. h6 Rc8 56. Rc2 Qf5 57. Qd2 Rd8 58. Qf2 Qxg5+ 59. Kb2 Qxh6 60. e6 Qxe6 61. Qg3 Ra2+ 62. Kc1 Rxc2+ 63. Kxc2 Qg6+ 0-1

[Event "Heraklio op"]
[Site "Heraklion"]
[Date "1993.??.??"]
[Round "6"]
[White "Blees, Albert"]
[Black "Klarenbeek, Hans"]
[Result "0-1"]
[WhiteElo "2415"]
[BlackElo "2425"]
[PlyCount "58"]
[EventDate "1993.??.??"]
[EventType "swiss"]
[EventRounds "9"]
[EventCountry "GRE"]
[SourceTitle "TD"]
[Source "ChessBase"]
[SourceDate "1994.03.01"]
[SourceVersion "1"]
[SourceVersionDate "1994.03.01"]
[SourceQuality "1"]

1. d4 Nf6 2. c4 g6 3. Nc3 Bg7 4. e4 d6 5. Nf3 0-0 6. Be2 e5 7. 0-0 Nc6 8. d5 Ne7 9. Bg5 Nh5 10. Ne1 Nf4 11. Nd3 Nxe2+ 12. Qxe2 h6 13. Bd2 f5 14. f4 exf4 15. Nxf4 g5 16. Ne6 Bxe6 17. dxe6 f4 18. g3 Ng6 19. gxf4 Bxc3 20. bxc3 gxf4 21. Kh1 Qf6 22. Rg1 Kh7 23. Qg4 Rae8 24. Rab1 b6 25. Rbe1 Qxe6 26. Qh5 Qf6 27. Rg4 Re5 28. Qh3 Qe6 29. Reg1 Rg5 0-1

[Event "Cappelle op 09th"]
[Site "Cappelle la Grande"]
[Date "1993.??.??"]
[Round "7"]
[White "Fogarasi, Tibor"]
[Black "Klarenbeek, Hans"]
[Result "1-0"]
[WhiteElo "2395"]
[BlackElo "2415"]
[PlyCount "111"]
[EventDate "1993.02.??"]
[EventType "swiss"]
[EventRounds "9"]
[EventCountry "FRA"]
[SourceTitle "TD"]
[Source "ChessBase"]
[SourceDate "1994.03.01"]
[SourceVersion "1"]
[SourceVersionDate "1994.03.01"]
[SourceQuality "1"]

1. e4 c5 2. Nf3 e6 3. d4 cxd4 4. Nxd4 Nf6 5. Nc3 d6 6. g4 Nc6 7. g5 Nd7 8. Be3 Be7 9. h4 a6 10. Qd2 0-0 11. 0-0-0 Nxd4 12. Qxd4 b5 13. Rg1 Ne5 14. Rg3 Qa5 15. Kb1 Bb7 16. f4 Nc6 17. Qd2 b4 18. Ne2 b3 19. Qxa5 bxc2+ 20. Kxc2 Nxa5 21. Nc3 Rfc8 22. Bd3 Nc4 23. Bf2 Rab8 24. Ba7 Ra8 25. Bf2 Bf8 26. b3 Na5 27. Kb2 Bc6 28. f5 Bd7 29. h5 Nb7 30. g6 fxg6 31. hxg6 hxg6 32. Rxg6 Be8 33. Rxe6 Bf7 34. Nd5 Nc5 35. Bxc5 Rxc5 36. Ne7+ Bxe7 37. Rxe7 a5 38. Rc1 Rxc1 39. Kxc1 a4 40. Kb2 axb3 41. axb3 Rb8 42. Bc2 Rb6 43. Rc7 g5 44. f6 Be6 45. Kc3 g4 46. b4 d5 47. exd5 Bxd5 48. Bb3 Bxb3 49. Rg7+ Kf8 50. Kxb3 Rxf6 51. Rxg4 Ke7 52. Rd4 Rd6 53. Rxd6 Kxd6 54. Ka4 Kc6 55. Ka5 Kb7 56. Kb5 1-0

[Event "Purmerend"]
[Site "Purmerend"]
[Date "1993.??.??"]
[Round "4"]
[White "Klarenbeek, Hans"]
[Black "Barsov, Alexei"]
[Result "1-0"]
[WhiteElo "2415"]
[BlackElo "2440"]
[PlyCount "77"]
[EventDate "1993.??.??"]
[EventType "tourn"]
[EventRounds "9"]
[EventCountry "NED"]
[EventCategory "5"]
[SourceTitle "EXT 1999"]
[Source "ChessBase"]
[SourceDate "1998.11.16"]
[SourceVersion "1"]
[SourceVersionDate "1998.11.16"]
[SourceQuality "1"]

1. Nf3 d5 2. g3 g6 3. Bg2 Bg7 4. 0-0 e5 5. d3 Nc6 6. e4 Nge7 7. Nc3 dxe4 8. dxe4 Be6 9. b3 h6 10. Ba3 0-0 11. Nd5 Re8 12. Nxe7+ Nxe7 13. Qe2 Nc6 14. c3 a5 15. Nd2 a4 16. b4 Na7 17. Rfd1 Qb8 18. b5 c6 19. bxc6 bxc6 20. c4 Rd8 21. Rab1 Qc7 22. Bc5 Nc8 23. Bf1 Rb8 24. Rxb8 Qxb8 25. Nf3 Nd6 26. Qc2 Nb7 27. Ba3 Rxd1 28. Qxd1 Qa7 29. h3 Qa5 30. Qc2 Kh7 31. h4 Bf6 32. Kg2 Kg7 33. Qc1 Nc5 34. Qe3 Nd7 35. Bc1 Kg8 36. Qxh6 Qc3 37. Qd2 Qa1 38. Qb2 Qxb2 39. Bxb2 1-0

[Event "Purmerend"]
[Site "Purmerend"]
[Date "1993.??.??"]
[Round "6"]
[White "Klarenbeek, Hans"]
[Black "Nikolic, Nebojsa"]
[Result "0-1"]
[WhiteElo "2415"]
[BlackElo "2440"]
[PlyCount "100"]
[EventDate "1993.??.??"]
[EventType "tourn"]
[EventRounds "9"]
[EventCountry "NED"]
[EventCategory "5"]
[SourceTitle "EXT 1999"]
[Source "ChessBase"]
[SourceDate "1998.11.16"]
[SourceVersion "1"]
[SourceVersionDate "1998.11.16"]
[SourceQuality "1"]

1. Nf3 c5 2. g3 g6 3. Bg2 Bg7 4. 0-0 Nc6 5. d3 Nf6 6. e4 0-0 7. Nbd2 d5 8. exd5 Nxd5 9. Nb3 b6 10. Re1 Rb8 11. Qe2 e5 12. h4 h6 13. Nbd2 Ndb4 14. Qd1 Bg4 15. a3 Nd5 16. c3 Qd7 17. Qc2 Rfe8 18. Ne4 Kh7 19. b4 Bxf3 20. Bxf3 f5 21. Nd2 cxb4 22. Bxd5 Qxd5 23. axb4 Rbd8 24. Qa4 b5 25. Qa6 Rd6 26. c4 Qxd3 27. c5 Rde6 28. Ra3 Qd5 29. Qxb5 Rb8 30. Qc4 Qxc4 31. Nxc4 Rxb4 32. Nd6 Nd4 33. Bd2 Rb2 34. Bc3 Nf3+ 35. Kf1 Rc2 36. Re2 Rc1+ 37. Kg2 e4 38. Bxg7 Kxg7 39. Rxa7+ Kf6 40. h5 Kg5 41. Rea2 Rg1+ 42. Kh3 Rh1+ 43. Kg2 Rh2+ 44. Kf1 Rh1+ 45. Kg2 Rh2+ 46. Kf1 Kxh5 47. Ke2 Rh1 48. Ke3 Re1+ 49. Re2 Rc1 50. Kf4 g5+ 0-1

[Event "Purmerend"]
[Site "Purmerend"]
[Date "1993.??.??"]
[Round "2"]
[White "Klarenbeek, Hans"]
[Black "Reinderman, Dimitri"]
[Result "1/2-1/2"]
[WhiteElo "2415"]
[BlackElo "2415"]
[PlyCount "39"]
[EventDate "1993.??.??"]
[EventType "tourn"]
[EventRounds "9"]
[EventCountry "NED"]
[EventCategory "5"]
[SourceTitle "EXT 1999"]
[Source "ChessBase"]
[SourceDate "1998.11.16"]
[SourceVersion "1"]
[SourceVersionDate "1998.11.16"]
[SourceQuality "1"]

1. d4 Nf6 2. c4 g6 3. Nc3 Bg7 4. e4 d6 5. Be2 0-0 6. Nf3 e5 7. Be3 Na6 8. 0-0 Ng4 9. Bg5 Qe8 10. dxe5 h6 11. Bd2 dxe5 12. h3 Nf6 13. Be3 Nh5 14. c5 Nf4 15. Bb5 Qe6 16. Re1 Kh8 17. Rc1 g5 18. Bf1 Qg6 19. Nd5 Be6 20. c6 1/2-1/2

[Event "Heraklio op"]
[Site "Heraklion"]
[Date "1993.??.??"]
[Round "5"]
[White "Klarenbeek, Hans"]
[Black "Skembris, Spyridon"]
[Result "1/2-1/2"]
[WhiteElo "2425"]
[BlackElo "2545"]
[PlyCount "96"]
[EventDate "1993.??.??"]
[EventType "swiss"]
[EventRounds "9"]
[EventCountry "GRE"]
[SourceTitle "TD"]
[Source "ChessBase"]
[SourceDate "1994.03.01"]
[SourceVersion "1"]
[SourceVersionDate "1994.03.01"]
[SourceQuality "1"]

1. d4 d5 2. c4 c6 3. Nf3 Nf6 4. Nc3 a6 5. g3 b5 6. cxd5 cxd5 7. Bg2 e6 8. 0-0 Be7 9. Ne5 0-0 10. f4 Bb7 11. g4 b4 12. g5 bxc3 13. gxf6 gxf6 14. Nd3 cxb2 15. Bxb2 f5 16. Qb3 Ra7 17. Rf3 Nc6 18. Rh3 Na5 19. Qd1 f6 20. Kh1 Rf7 21. Bc3 Nc4 22. Rb1 Na3 23. Rb3 Bc6 24. Qc1 Nc4 25. Qb1 Rf8 26. Bf3 Bd6 27. Bb4 Rg7 28. Nc5 Bxc5 29. Bxc5 Nd2 30. Bxf8 Qxf8 31. Qd3 Nxb3 32. axb3 Qb4 33. Rg3 Bb5 34. Qc2 Rxg3 35. hxg3 Kf7 36. Qc7+ Qe7 37. Bh5+ Kf8 38. Qc8+ Kg7 39. Qc3 Kh6 40. Bf3 Be8 41. Qc8 Bb5 42. Kg2 Kg7 43. Bh5 Qd6 44. Qb7+ Qd7 45. Qxd7+ Bxd7 46. b4 Kf8 47. e3 Ke7 48. Kf2 Bb5 1/2-1/2

[Event "Heraklio op"]
[Site "Heraklion"]
[Date "1993.??.??"]
[Round "3"]
[White "Klarenbeek, Hans"]
[Black "Smagin, Sergey"]
[Result "0-1"]
[WhiteElo "2425"]
[BlackElo "2550"]
[PlyCount "102"]
[EventDate "1993.??.??"]
[EventType "swiss"]
[EventRounds "9"]
[EventCountry "GRE"]
[SourceTitle "TD"]
[Source "ChessBase"]
[SourceDate "1994.03.01"]
[SourceVersion "1"]
[SourceVersionDate "1994.03.01"]
[SourceQuality "1"]

1. Nf3 d5 2. g3 c6 3. Bg2 Bg4 4. b3 Nd7 5. Bb2 Ngf6 6. d3 e6 7. Nbd2 a5 8. a4 Bb4 9. 0-0 0-0 10. h3 Bh5 11. g4 Bg6 12. Nh4 Re8 13. c3 Bd6 14. Nxg6 hxg6 15. f4 e5 16. f5 e4 17. fxg6 fxg6 18. dxe4 Nxg4 19. hxg4 Bc5+ 20. Rf2 Rf8 21. Bf3 Qh4 22. Qe1 Ne5 23. Ba3 Bb6 24. Bxf8 Rxf8 25. e3 Qg3+ 26. Rg2 Nxf3+ 27. Nxf3 Qxf3 28. Rg3 Qxe4 29. Qe2 Qe5 30. Rf3 Re8 31. Qd3 Qg5 32. Kf2 Qh4+ 33. Ke2 Qxg4 34. Kf2 Qh4+ 35. Ke2 Qh2+ 36. Rf2 Qh5+ 37. Kd2 Bxe3+ 38. Qxe3 Rxe3 39. Kxe3 Qe5+ 40. Kd2 d4 41. Rf3 Qh2+ 42. Kd3 dxc3 43. Raf1 Qd2+ 44. Kc4 g5 45. R3f2 b5+ 46. axb5 cxb5+ 47. Kc5 Qe3+ 48. Kxb5 c2 49. Rf8+ Kh7 50. Rh1+ Kg6 51. Rff1 Qxb3+ 0-1

[Event "NED-ch47"]
[Site "Eindhoven"]
[Date "1992.03.22"]
[Round "5"]
[White "Klarenbeek, Hans"]
[Black "Van der Wiel, John"]
[Result "1/2-1/2"]
[WhiteElo "2415"]
[BlackElo "2540"]
[PlyCount "49"]
[EventDate "1992.03.17"]
[EventType "tourn"]
[EventRounds "11"]
[EventCountry "NED"]
[EventCategory "10"]
[SourceTitle "CBM 030"]
[Source "ChessBase"]
[SourceDate "1992.10.01"]
[SourceVersion "1"]
[SourceVersionDate "1992.10.01"]
[SourceQuality "1"]

1. d4 Nf6 2. c4 e6 3. Nc3 Bb4 4. Qc2 0-0 5. a3 Bxc3+ 6. Qxc3 b6 7. Bg5 Bb7 8. f3 h6 9. Bh4 d5 10. e3 Nbd7 11. cxd5 Nxd5 12. Bxd8 Nxc3 13. Bxc7 Nd5 14. Bd6 Nxe3 15. Kf2 Nc2 16. Rd1 Rfc8 17. Bb5 Nf6 18. Ne2 Nd5 19. Rd3 a6 20. Ba4 a5 21. Nc3 Rd8 22. Nxd5 Rxd6 23. Nc7 Rc8 24. Nb5 Rdd8 25. Rhd1 1/2-1/2

[Event "NED-ch47"]
[Site "Eindhoven"]
[Date "1992.03.18"]
[Round "2"]
[White "Van der Sterren, Paul"]
[Black "Klarenbeek, Hans"]
[Result "1/2-1/2"]
[WhiteElo "2535"]
[BlackElo "2415"]
[PlyCount "96"]
[EventDate "1992.03.17"]
[EventType "tourn"]
[EventRounds "11"]
[EventCountry "NED"]
[EventCategory "10"]
[SourceTitle "CBM 030"]
[Source "ChessBase"]
[SourceDate "1992.10.01"]
[SourceVersion "1"]
[SourceVersionDate "1992.10.01"]
[SourceQuality "1"]

1. d4 d5 2. c4 c6 3. Nc3 Nf6 4. e3 g6 5. Nf3 Bg7 6. Bd3 0-0 7. 0-0 Bg4 8. h3 Bxf3 9. Qxf3 e6 10. Rd1 Nbd7 11. b3 Qe7 12. Bb2 Rfe8 13. Bf1 h5 14. Rac1 Nb6 15. Rc2 Nc8 16. e4 Nxe4 17. Nxe4 dxe4 18. Qxe4 Nd6 19. Qe1 Nf5 20. Qa5 b6 21. Qe1 Rad8 22. Rcd2 h4 23. Qe2 Rd7 24. Qf3 Red8 25. Qxc6 Nxd4 26. Bxd4 Bxd4 27. Kh1 Rd6 28. Qf3 e5 29. b4 Rf6 30. Qe4 Rf4 31. Qe1 Kg7 32. Rd3 Bxf2 33. Qd2 Bd4 34. Rf3 Rxf3 35. gxf3 Rd6 36. a3 Rf6 37. Bg2 Rf4 38. Re1 Qf6 39. Qc2 Rf5 40. Qe4 Rg5 41. Qxh4 Qf5 42. Re4 Rh5 43. Qg4 Qxg4 44. fxg4 Rh8 45. g5 Rh5 46. Rg4 Be3 47. Re4 Bd4 48. Rg4 Be3 1/2-1/2

[Event "NED-ch47"]
[Site "Eindhoven"]
[Date "1992.03.17"]
[Round "1"]
[White "Klarenbeek, Hans"]
[Black "Kuijf, Marinus"]
[Result "1/2-1/2"]
[WhiteElo "2415"]
[BlackElo "2440"]
[PlyCount "63"]
[EventDate "1992.03.17"]
[EventType "tourn"]
[EventRounds "11"]
[EventCountry "NED"]
[EventCategory "10"]
[SourceTitle "CBM 030"]
[Source "ChessBase"]
[SourceDate "1992.10.01"]
[SourceVersion "1"]
[SourceVersionDate "1992.10.01"]
[SourceQuality "1"]

1. d4 d5 2. c4 e6 3. Nc3 c6 4. Nf3 dxc4 5. a4 Bb4 6. e3 b5 7. Bd2 Bb7 8. axb5 Bxc3 9. Bxc3 cxb5 10. b3 a5 11. bxc4 b4 12. Bb2 Nf6 13. Bd3 Nbd7 14. Qc2 0-0 15. 0-0 Qc7 16. c5 h6 17. e4 e5 18. Rfc1 Rfc8 19. dxe5 Nh7 20. Bd4 Nhf8 21. Bc4 Ne6 22. Bxe6 fxe6 23. Qb3 Ra6 24. Qc4 Rc6 25. Qb5 Nxc5 26. Rxc5 Rxc5 27. Bxc5 Qxc5 28. Qxb7 Qc1+ 29. Ne1 Qxa1 30. Qxc8+ Kh7 31. Kf1 b3 32. Qxe6 1/2-1/2

[Event "Leeuwarden op"]
[Site "Leeuwarden"]
[Date "1992.??.??"]
[Round "5"]
[White "De Jong, Tom"]
[Black "Klarenbeek, Hans"]
[Result "1-0"]
[WhiteElo "2330"]
[BlackElo "2420"]
[PlyCount "149"]
[EventDate "1992.08.??"]
[EventType "swiss"]
[EventRounds "9"]
[EventCountry "NED"]
[SourceTitle "EXT 1998"]
[Source "ChessBase"]
[SourceDate "1997.11.17"]
[SourceVersion "1"]
[SourceVersionDate "1997.11.17"]
[SourceQuality "1"]

1. e4 e6 2. d4 d5 3. Bd3 c5 4. exd5 exd5 5. Qe2+ Be7 6. dxc5 Nf6 7. Be3 0-0 8. Nf3 Re8 9. 0-0 Bxc5 10. Qd2 Bxe3 11. fxe3 Qe7 12. Nc3 Bg4 13. Rae1 Bxf3 14. Rxf3 Nc6 15. Ref1 Rad8 16. Rg3 Rd6 17. Bf5 g6 18. Nb5 Rdd8 19. Qf2 Nh5 20. Rh3 Ng7 21. Bd3 f5 22. Nd4 Ne5 23. Bb5 Rf8 24. Ba4 Ng4 25. Qe2 Kh8 26. c3 a6 27. Rhf3 Qd6 28. g3 Rf7 29. Rf4 Re7 30. Qxg4 Rxe3 31. Qd1 b5 32. Bc2 Rde8 33. R4f3 R3e5 34. Rd3 h5 35. Qd2 Kh7 36. Qf4 Qe7 37. Rd2 b4 38. cxb4 Re1 39. Rxe1 Qxe1+ 40. Kg2 Ne6 41. Nxe6 Rxe6 42. Rxd5 Qe2+ 43. Kh3 Qg4+ 44. Qxg4 hxg4+ 45. Kh4 Re2 46. Bxf5 gxf5 47. Rxf5 Rxh2+ 48. Kxg4 Rxb2 49. a3 Rc2 50. Rc5 Rd2 51. Rc7+ Kg8 52. Rc6 a5 53. b5 Rb2 54. b6 Kf8 55. Kf5 Ke7 56. g4 Rb5+ 57. Kg6 Kd7 58. Rf6 Rb3 59. Kf7 Rg3 60. b7 Kc7 61. Rf4 Kxb7 62. a4 Kc7 63. Kg6 Kd6 64. g5 Kc5 65. Kf5 Rd3 66. g6 Rd5+ 67. Kf6 Rd6+ 68. Kf7 Rd7+ 69. Ke8 Rb7 70. Rg4 Rb8+ 71. Ke7 Rb7+ 72. Kf6 Rb6+ 73. Ke5 Rb8 74. g7 Rg8 75. Ke6 1-0

[Event "Leeuwarden op"]
[Site "Leeuwarden"]
[Date "1992.??.??"]
[Round "7"]
[White "Klarenbeek, Hans"]
[Black "Schneider, B."]
[Result "1/2-1/2"]
[WhiteElo "2420"]
[BlackElo "2420"]
[PlyCount "77"]
[EventDate "1992.08.??"]
[EventType "swiss"]
[EventRounds "9"]
[EventCountry "NED"]
[SourceTitle "EXT 1998"]
[Source "ChessBase"]
[SourceDate "1997.11.17"]
[SourceVersion "1"]
[SourceVersionDate "1997.11.17"]
[SourceQuality "1"]

1. d4 Nf6 2. Nf3 d5 3. c4 c6 4. Nc3 e6 5. cxd5 exd5 6. Bg5 Be7 7. Qc2 Bg4 8. Ne5 Bh5 9. e3 Nfd7 10. Bf4 Nxe5 11. Bxe5 0-0 12. Bd3 Bg6 13. Bxg6 hxg6 14. h4 Bxh4 15. 0-0-0 Nd7 16. Rh2 f5 17. Rdh1 Bf6 18. f4 Kf7 19. g4 fxg4 20. Qg2 Nb6 21. Qxg4 Qd7 22. Qg2 Nc4 23. Rg1 Qf5 24. e4 dxe4 25. Nxe4 Bxe5 26. fxe5 Ke7 27. b3 Qf4+ 28. Kb1 Na3+ 29. Kb2 Nb5 30. Qg5+ Qxg5 31. Rxg5 Rf4 32. Rxg6 Rxe4 33. Rxg7+ Kf8 34. Rxb7 Kg8 35. Rg2+ Kf8 36. Rh2 Kg8 37. Rg2+ Kf8 38. Rf2+ Kg8 39. Rg2+ 1/2-1/2

[Event "NED-ch47 sf"]
[Site "Enschede"]
[Date "1991.11.24"]
[Round "9"]
[White "Bosboom, Manuel"]
[Black "Klarenbeek, Hans"]
[Result "0-1"]
[WhiteElo "2460"]
[BlackElo "2370"]
[PlyCount "79"]
[EventDate "1991.11.01"]
[EventType "swiss"]
[EventRounds "9"]
[EventCountry "NED"]
[SourceTitle "EXT 1997"]
[Source "ChessBase"]
[SourceDate "1996.11.15"]
[SourceVersion "1"]
[SourceVersionDate "1996.11.15"]
[SourceQuality "1"]

1. e4 c5 2. Nf3 e6 3. d3 Nc6 4. g3 g6 5. Bg2 Bg7 6. 0-0 Nge7 7. Re1 d6 8. c3 e5 9. a3 a5 10. Be3 b6 11. a4 0-0 12. Na3 h6 13. Qd2 Kh7 14. d4 exd4 15. cxd4 Bg4 16. d5 Ne5 17. Nxe5 dxe5 18. Nc4 Nc8 19. f3 Bd7 20. f4 f6 21. Qc3 Qc7 22. f5 gxf5 23. exf5 Bxf5 24. Rf1 Bg6 25. d6 Nxd6 26. Nxd6 Qxd6 27. Rad1 Qe6 28. Bxa8 Rxa8 29. b3 Bf7 30. Qd3+ Kh8 31. Qe4 Rb8 32. Qh4 h5 33. Qe4 Kg8 34. Rd2 Re8 35. Rb1 f5 36. Qb7 f4 37. Bf2 e4 38. Rd7 e3 39. Be1 f3 40. h4 0-1

[Event "NED-ch47 sf"]
[Site "Enschede"]
[Date "1991.11.10"]
[Round "6"]
[White "Klarenbeek, Hans"]
[Black "Hoeksema, Hendrik Pieter"]
[Result "1/2-1/2"]
[WhiteElo "2370"]
[BlackElo "2380"]
[PlyCount "21"]
[EventDate "1991.11.01"]
[EventType "swiss"]
[EventRounds "9"]
[EventCountry "NED"]
[SourceTitle "EXT 1997"]
[Source "ChessBase"]
[SourceDate "1996.11.15"]
[SourceVersion "1"]
[SourceVersionDate "1996.11.15"]
[SourceQuality "1"]

1. c4 e5 2. d3 Nc6 3. Nc3 Bb4 4. Bd2 Nf6 5. Nf3 0-0 6. g3 Re8 7. Bg2 Bxc3 8. Bxc3 d5 9. cxd5 Nxd5 10. 0-0 a5 11. Rc1 1/2-1/2

[Event "NED-ch47 sf"]
[Site "Enschede"]
[Date "1991.11.09"]
[Round "5"]
[White "Pieterse, Gert"]
[Black "Klarenbeek, Hans"]
[Result "0-1"]
[WhiteElo "2405"]
[BlackElo "2370"]
[PlyCount "79"]
[EventDate "1991.11.01"]
[EventType "swiss"]
[EventRounds "9"]
[EventCountry "NED"]
[SourceTitle "EXT 1997"]
[Source "ChessBase"]
[SourceDate "1996.11.15"]
[SourceVersion "1"]
[SourceVersionDate "1996.11.15"]
[SourceQuality "1"]

1. d4 Nf6 2. Nf3 e6 3. g3 b6 4. Bg2 Bb7 5. 0-0 c5 6. c3 Be7 7. a4 0-0 8. a5 cxd4 9. Nxd4 Bxg2 10. Kxg2 Nc6 11. axb6 Qxb6 12. Nxc6 Qxc6+ 13. f3 Nd5 14. Qd3 a5 15. Na3 Bxa3 16. Rxa3 Nb6 17. Ra2 a4 18. h4 Nc4 19. h5 h6 20. Rh1 f5 21. Rd1 d6 22. Qd4 Ra5 23. Qd3 Rb8 24. Qc2 Raa8 25. Rd4 d5 26. e4 dxe4 27. fxe4 e5 28. Rd5 fxe4 29. Qxe4 Nd6 30. Qxe5 Rb5 31. Qe6+ Kh8 32. c4 Qxc4 33. Rxd6 Qxc1 34. Qe2 Rab8 35. Rd1 Qg5 36. Rd3 Re5 37. Qd2 Qxh5 38. Rd8+ Rxd8 39. Qxd8+ Re8 40. g4 0-1